| 000 | 00516nam a2200217 a 4500 | ||
|---|---|---|---|
| 001 | 0001-2143 | ||
| 003 | ELIB.Books | ||
| 008 | 190725 2010 eng | ||
| 020 | _a8178201275 | ||
| 092 |
_a230 _bToz |
||
| 100 | _aTozer, A.W. | ||
| 245 | _aGod's Pursuit of Man | ||
| 260 |
_aMumbai _bGLS _c2016 |
||
| 300 |
_a119 _c21cm |
||
| 650 | _aTheology | ||
| 856 |
_nKBTS Library _uKBTS Elib |
||
| 942 |
_2ddc _cBK |
||
| 990 | _a1 | ||
| 998 |
_aEnglishbooks.elf _ccat _e2019-07-25 |
||
| 999 |
_c12143 _d12143 |
||